| 000 | 00377pab a2200145 454500 | ||
|---|---|---|---|
| 008 | 180718b2017 xxu||||| |||| 00| 0 eng d | ||
| 100 | _aBasantia, Tapan Kumar | ||
| 245 | _aQuality, conformity, equity and excellence in education | ||
| 260 | _c2017 | ||
| 300 | _ap.7-12. | ||
| 362 | _a5 Jun | ||
| 650 | _aEducational quality | ||
| 773 | _aUniversity News | ||
| 909 | _a114769 | ||
| 999 |
_c114763 _d114763 |
||